书目信息 |
| 题名: |
装饰·拉斯韦加斯
|
|
| 作者: | 刘凡 编著 | |
| 分册: | ||
| 出版信息: | 北京 中国建筑工业出版社 2009.05 |
|
| 页数: | 295页 | |
| 开本: | 29cm | |
| 丛书名: | ||
| 单 册: | ||
| 中图分类: | TU247.4-64 | |
| 科图分类: | ||
| 主题词: | 饭店--fan dian--室内装饰--美国--图集 | |
| 电子资源: | ||
| ISBN: | 978-7-112-10528-1 | |
| 000 | 00840nam0 2200229 450 | |
| 001 | 012009118093 | |
| 005 | 20191028080132.84 | |
| 010 | @a978-7-112-10528-1@dCNY149.00 | |
| 100 | @a20091011d2009 em y0chiy0120 ea | |
| 101 | 0 | @achi |
| 102 | @aCN@b110000 | |
| 105 | @aac z 000yy | |
| 200 | 1 | @a装饰·拉斯韦加斯@Azhuang shi·la si wei jia si@d= Las Vegas Inspiration@f刘凡编著@Fliu fan bian zhu@zeng |
| 210 | @a北京@c中国建筑工业出版社@d2009.05 | |
| 215 | @a295页@c图, 肖像@d29cm | |
| 330 | @a本书介绍了15个拉斯韦加斯酒店,着重对其装饰艺术与设计手法进行诠释。本书图片信息量大,深入浅出,通俗易懂,可读性强。 | |
| 510 | 1 | @aLas Vegas Inspiration@zeng |
| 606 | 0 | @a饭店@Afan dian@x室内装饰@y美国@j图集 |
| 690 | @aTU247.4-64@v4 | |
| 701 | 0 | @a刘凡@Aliu fan@4编著 |
| 801 | 0 | @aCN@bQSSK@c20091011 |
| 905 | @b761795-96@dTU247.4-64@eL615@f2 | |
| 装饰·拉斯韦加斯= Las Vegas Inspiration/刘凡编著.-北京:中国建筑工业出版社,2009.05 |
| 295页:图, 肖像;29cm |
| ISBN 978-7-112-10528-1:CNY149.00 |
| 本书介绍了15个拉斯韦加斯酒店,着重对其装饰艺术与设计手法进行诠释。本书图片信息量大,深入浅出,通俗易懂,可读性强。 |
| ● |
| 相关链接 |
|
|
|
正题名:装饰·拉斯韦加斯
索取号:TU247.4-64/L615
 
预约/预借
| 序号 | 登录号 | 条形码 | 馆藏地/架位号 | 状态 | 备注 |
| 1 | 1241391 | 212413912 | 建筑库101/101建筑库 71排1列5层/ [索取号:TU247.4-64/L615] | 在馆 | |
| 2 | 1241392 | 212413921 | 建筑库101/101建筑库 71排1列5层/ [索取号:TU247.4-64/L615] | 在馆 | |
| 3 | 1241393 | 212413930 | 建筑库101/101建筑库 71排1列5层/ [索取号:TU247.4-64/L615] | 在馆 | |
| 4 | 1241394 | 212413949 | 建筑库101/101建筑库 71排1列5层/ [索取号:TU247.4-64/L615] | 在馆 | |
| 5 | 1241395 | 212413958 | 建筑库101/101建筑库 71排1列5层/ [索取号:TU247.4-64/L615] | 在馆 | |
| 6 | 761795 | 207617952 | 建筑库101/101建筑库 71排1列5层/ [索取号:TU247.4-64/L615] | 在馆 | |
| 7 | 761796 | 207617961 | 建筑库101/101建筑库 71排1列5层/ [索取号:TU247.4-64/L615] | 在馆 |